Photoshop [ teknik kombinasi gambar digital

Bibliographic Details
Main Author: Wang, Kan Chang
Format: Book
Published: Taiwan : Kings Information , 2003
Subjects:

MARC

LEADER 00000cam a2200000 7i4500
001 0000022531
005 20091208.0
008 091208 my e
020 |a 9861250956 ,   |c RM36.90 
040 |a INS 
090 0 0 |a CD 414 
100 1 |a Wang, Kan Chang 
245 0 0 |a Photoshop [  |h sumber elektronik] :   |b teknik kombinasi gambar digital   |c Wang Kan Chan 
260 |a Taiwan :   |b Kings Information ,   |c 2003 
300 |a 1 cakera komputer optikal :   |b wrn., il ;   |c 4 3/4 in. 
650 0 |a Adobe Photoshop 
650 0 |a Computer graphics 
999 |a CD00000414   |b CD-ROM   |c Media Collection   |e Default branch